Putin và sứ mệnh lịch sử

Salvato in:
Dettagli Bibliografici
Autore principale: Olbich, Alecxandr
Natura: Libro
Lingua:Undetermined
Pubblicazione: Hà Nội Công an nhân dân 2004
Soggetti:
Tags: Aggiungi Tag
Nessun Tag, puoi essere il primo ad aggiungerne! !
Thư viện lưu trữ: Trung tâm Học liệu Trường Đại học Cần Thơ
LEADER 00572nam a2200193Ia 4500
001 CTU_63370
008 210402s9999 xx 000 0 und d
020 |b 58000 
082 |a 891.73 
082 |b O.43 
100 |a Olbich, Alecxandr 
245 0 |a Putin và sứ mệnh lịch sử 
245 0 |c Alecxandr Olbich; Nguyễn Kiều Diệp biên dịch 
260 |a Hà Nội 
260 |b Công an nhân dân 
260 |c 2004 
650 |a Historical fiction, russian 
904 |i Minh 
980 |a Trung tâm Học liệu Trường Đại học Cần Thơ